Most spoken non-Official languages - Statistics

General Stats
  • This quiz has been taken 40 times
  • The average score is 6 of 14
Answer Stats
Hint Answer % Correct
69 m Javanese
62%
113 m Punjabi
59%
83 m Telugu
59%
56 m Gujarati
50%
49 m Kannada
50%
20 m Kurdish
47%
83 m Marathi
44%
44 m Yoruba
44%
50 m Hausa
35%
35 m Malayalam
35%
35 m Odia
35%
40 m Sundanese
32%
22 m Cebuano
29%
20 m Lingala
9%
No matching quizzes found
Score Distribution
Percent of People with Each Score
Percentile by Number Answered
Your Score History
You have not taken this quiz